00761 2200181 4500001002100000005001500021035002000036245007300056100001700129250001700146300002800163260005300191082001000244084001700254020002200271600001600293520027000309INLIS00000000000087420250120094405 a0010-01250000471 aSeri Kendaraan Penyelamat :bKen Kembali Bersemangat /cLiza Erfiana0 aLiza Erfiana acetakan ke-1 a32 hlm :bIlus ;c24 cm aSolo :bPT Tiga Serangkai Pustaka Mandiri,c2018 a629.2 a629.2 LIZ s a978-602-366-544-0 4acerita anak aKen Kembali Bersemangat Ken, truk pemadam kebakaran, sering kali enggan jika diminta beraksi. Ada saja alasannya. Ternyata ada sesuatu yang membuat Ken malas bekerja. Ken terganggu dengan suara sirenenya. Apakah ken mau bekerja setelah suara sirenenya dihilangkan?